000 00291nam a22001337a 4500
008 170309b xxu||||| |||| 00| 0 eng d
020 _a9780721659442
041 _aeng
080 _29 ED
_a611
100 _a6
101 _aSHM
245 _aMEDICAL PHYSIOLOGY
_cGUYTON.A.C
942 _2udc
_cBK
999 _c7271
_d7271